| 000 | 00645nam a2200205 ar4500 | ||
|---|---|---|---|
| 001 | 2426 | ||
| 005 | 20221127090433.0 | ||
| 008 | 110126s xxka 00010 eng d | ||
| 020 |
_a9780582328426 : _cSR97.00 |
||
| 082 | 0 | 4 |
_a428.2402465 _bSm67 2000 |
| 100 | 1 | _aSmith, Tricia. | |
| 245 | 1 | 0 |
_aMarket leader : _bbusiness law / _cC. Johnson. |
| 246 | 1 | _aBusiness law. | |
| 260 |
_aHarlow, England : _bLongman/Financial Times, _c2000 |
||
| 300 |
_a96 p. : _bill. ; _c25 cm. |
||
| 500 | _aBusiness English. | ||
| 650 | 4 |
_aEnglish language _xBusiness English. |
|
| 650 | 4 |
_aEnglish language _xStudy and teaching. |
|
| 650 | 4 |
_aEnglish language _vTextbooks. |
|
| 999 |
_c2424 _d2424 |
||